Last 100 words of the Hobbit - Statistics

General Stats
  • This quiz has been taken 162 times
  • The average score is 36 of 101
Answer Stats
Word % Correct
a
93%
the
93%
I
92%
Bilbo.
77%
Bilbo
77%
"And
76%
and
76%
Gandalf.
72%
in
64%
to
61%
you
55%
You
55%
you,
55%
you;
55%
are
53%
said
53%
be
51%
"Of
51%
of
51%
that
51%
they
51%
do
46%
am
45%
Baggins,
45%
have
41%
for
40%
not
39%
very
39%
him
38%
all
35%
all!"
35%
but
35%
course!"
33%
why
33%
your
32%
were
30%
had
29%
world
27%
by
24%
don't
22%
them
22%
little
21%
should
21%
just
20%
Mr
18%
"Thank
18%
fond
17%
after
16%
adventures
15%
person,
15%
only
14%
because
13%
goodness!"
13%
wide
13%
fellow
12%
hand
12%
laughing,
12%
out
12%
jar.
11%
tobacco
11%
about
10%
fine
9%
handed
9%
true,
8%
true?
8%
luck,
7%
prophecies,
4%
quite
4%
really
4%
sole
4%
songs
4%
Surely
4%
turned
4%
yourself?
4%
benefit?
3%
bringing
3%
fashion!"
3%
disbelieve
2%
escapes
2%
managed
1%
mere
1%
prove
1%
suppose,
1%
No matching quizzes found
Score Distribution
Percent of People with Each Score
Percentile by Number Answered
Your Score History
You have not taken this quiz